00634nam a2200205Ia 4500003000400000005001700004008004100021020001800062040001800080041000800098082002300106100001800129245010300147250001200250260007200262300002900334650002700363650002200390650001600412OSt20250920120001.0210716s2018 xx 000 0 und d a9789352136087 cAIMIT LIBRARY aeng a005.768 22bMAHA aMurray, Scott aInteractive visualization for the web : ban introduction to designing with D3 /cBy Scott Murray. a2nd ed. aNew Delhi :bShroff Publications and Distributers Pvt Ltd ,c2018. axvi,447p. ;bPBc23.4 cm aTechnologyfundamentals aDrawing with data aUsing paths